000 00770nam a2200229 i 4500
001 37083
003 ES-MaACL
005 20250829131210.0
007 t|
008 030220s1954 sp ||||1| spa d
080 _a163+234.2
100 1 _aBrunner, August.
_932187
245 1 0 _aConocer y creer /
_cAugust Brunner ; versión del alemán por Ricardo de la Cierva.
260 _aMadrid :
_bRazón y Fe,
_c[1954] (
_fBolaños y Aguilar)
300 _a253 p. ;
_c20 cm.
490 1 _aBiblioteca de filosofía y pedagogía
650 4 _aReligión-
_xFilosofía
_916799
700 1 _aCierva, Ricardo de la,
_d1926-2015
_938790
830 1 0 _aBiblioteca de filosofía y pedagogía (Razón y Fe)
_9181685
852 4 _aES-MaACL
_jC-8781
999 _c37083
_d37083